000
00452nam a2200145Ia 4500
008
090124s9999 xx 000 0 und d
082
_b
206865
245
_a
मानव जन्म की कहानी
250
_a
1
260
_b
शर्मा परमात्मा
_c
2004
300
_a
38
630
_a
मानव जन्म की कहानी
730
_a
मानव जन्म की कहानी
942
_c
BOOK
999
_c
188861
_d
188861